Biblioteca

La tesis doctoral : (Registro nro. 69244)

Detalles MARC
000 -LÍDER
Campo fijo de descripción fija 01720aam a2200373 i 4500
001 - NÚMERO DE CONTROL
Campo de control 768714001
003 - IDENTIFICADOR DEL NÚMERO DE CONTROL
Campo de control CO-MdFUSB
005 - FECHA Y HORA DE LA ULTIMA TRANSACCIÓN
control field 20240115144741.0
007 - CAMPO FIJO DE DESCRIPCIÓN FIJA--INFORMACIÓN GENERAL
Campo fijo de descripción fija ta
008 - ELEMENTOS DE LONGITUD FIJA -- INFORMACIÓN GENERAL
Campo fijo de descripción fija -- Información general 231031t20052005spa||||g |||| 00| 0 spa d
020 ## - NÚMERO INTERNACIONAL NORMALIZADO PARA LIBROS
Número Internacional Normalizado del libro 9788493559083
040 ## - FUENTE DE CATALOGACIÓN
Agencia de catalogación original CO-MdFUSB
Idioma de catalogación spa
Agencia que realiza la transcripción CO-MdFUSB
Agencia que realiza la modificación CO-MdFUSBC
Convenciones de la descripción rda
041 ## - CÓDIGO DE IDIOMA
Código de idioma para texto/pista de sonido o título separado spa
082 ## - NÚMERO DE CLASIFICACIÓN DECIMAL DEWEY
Número de la edición del Dewey 23
Número de clasificación 378.242
Clave de autor-Numero de item P558
100 ## - ASIENTO PRINCIPAL--NOMBRE PERSONAL
Nombre personal Phillips, Estelle M.
Término relacionador autor
240 ## - TITULO UNIFORME
Título uniforme <a href="How to get a PhD">How to get a PhD</a>
245 13 - TÍTULO
Título del Material La tesis doctoral :
Parte restante del título - Subtitulo cómo escribirla y defenderla : un manual para estudiantes y sus directores
Mención de responsabilidad, etc. / Phillips, Estelle M. , Derek S. Pugh ; traducido por Aida Santapau , Esther Gil
264 #1 - PRODUCCIÓN, PUBLICACIÓN, DISTRIBUCIÓN, MANUFACTURA, Y COPYRIGHT
Lugar de producción, publicación, distribución, manufactura Barcelona, España :
Nombre del productor, publicador, distribuidor Bresca,
Fecha de producción, publicación, distribución, manufactura, o copyright [2005]
264 #4 - PRODUCCIÓN, PUBLICACIÓN, DISTRIBUCIÓN, MANUFACTURA, Y COPYRIGHT
Fecha de producción, publicación, distribución, manufactura, o copyright ©2005
300 ## - DESCRIPCIÓN FÍSICA
Extensión 222 páginas
Dimensiones ; 23 cm
336 ## - TIPO DE CONTENIDO
Fuente rdacontent
Término de tipo de contenido texto
Código de tipo de contenido txt
337 ## - TIPO DE MEDIO
Fuente rdamedia
Nombre del tipo de medio sin mediación
Código del tipo de medio n
338 ## - TIPO DE SOPORTE
Fuente rdacarrier
Nombre del tipo de soporte volumen
Código Tipo de soporte nc
504 ## - NOTA DE BIBLIOGRAFÍA, ETC.
Nota de bibliografía, etc Incluye índice y bibliografía
505 ## - NOTA DE CONTENIDO
Nota de contenido con formato preestablecido Sobre convertirse en un estudiante de investigación -- Como introducirse en el sistema. -- La naturaleza del doctorado -- La manera de no conseguir un doctorado -- Cómo investigar -- La forma de una tesis doctoral -- El proceso del doctorado -- Como manejar a -- su director -- Cómo sobrevivir en un entorno académico predominantemente blanco, masculino, heterosexual y a tiempo completo -- La defensa de la tesis -- Cómo dirigir y evaluar -- Responsabilidades institucionales
563 ## - NOTA DE ENCUADERNACIÓN
Nota de encuadernación Rústico.
650 #0 - ASIENTO SECUNDARIO DE MATERIA - TERMINO TEMÁTICO
Término temático o nombre geográfico como elemento de entrada Educación
9 (RLIN) 984
Subdivisión de forma Tesis de doctorado
653 ## - TÉRMINO DE INDIZACIÓN - NO CONTROLADO
Término no controlado Tesis doctorales -- metodología
700 ## - ASIENTO SECUNDARIO - NOMBRE PERSONAL
9 (RLIN) 8935
Nombre personal Pugh, Derek S.
Responsabilidad autor
700 ## - ASIENTO SECUNDARIO - NOMBRE PERSONAL
9 (RLIN) 8936
Nombre personal Santapau, Aida,
Responsabilidad traductor
700 ## - ASIENTO SECUNDARIO - NOMBRE PERSONAL
9 (RLIN) 8937
Nombre personal Gil, Esther,
Responsabilidad traductor
942 ## - TIPO DE MATERIAL (KOHA)
Tipo de Item KOHA Libros General
945 ## - INFORMACIÓN LOCAL DEL REGISTRO
Catalogador sor1564
Existencias
Estado de Material Estado de Perdido Forma de Clasificación Estado de Dañado No para Préstamo Colección Biblioteca de Origen Biblioteca Permanente Fecha de Adquisición Área Total de Préstamos Signatura Topográfica Código de Barras Última vez visto Ejemplar/Existencia Fecha de Remplazo Tipo de Material
    Dewey Decimal Classification     Colección General Biblioteca FUSBC Biblioteca FUSBC 31/10/2023 METODOLOGÍA DE LA INVESTIGACIÓN   G 378.242 P558t 22369 31/10/2023 Ej. 1 31/10/2023 Libros General

Biblioteca FUSBC | Teléfono: (57+4) 349 88 10 Ext. 141| WhatsApp (+57) 3005338115 
E-mail: biblioteca@unisbc.edu.co | Calle 76 87-14 Robledo Palenque, Medellín, Colombia

Con tecnología Koha